|
|
|
|
| LEADER |
00000cam a2200000 i 4500 |
| 001 |
1/71345 |
| 008 |
960718s1986 gr | ||| |||| ||gre|| |
| 035 |
|
|
|a 1988
|c Δωρεά
|l 10030924
|
| 040 |
|
|
|a GR-MY-UA
|b gre
|e aacr
|
| 041 |
0 |
|
|a gre
|
| 082 |
0 |
|
|a 372.8909495
|
| 100 |
1 |
|
|a Ακτύπης, Διονύσιος Α.
|
| 245 |
1 |
0 |
|a Στα πολύ παλιά χρόνια :
|b ιστορία Γ' δημοτικού : βιβλίο για το δάσκαλο /
|c Διονύσιος Ακτύπης, ...[κ.ά.]
|
| 260 |
|
|
|a Αθήνα :
|b Ο.Ε.Δ.Β.,
|c 1986
|
| 300 |
|
|
|a 193 σ.
|
| 500 |
|
|
|a Σημείωση άνω του τίτλου: Υπουργείο Εθνικής Παιδείας και Θρησκευμάτων.Παιδαγωγικό Ινστιτούτο
|
| 650 |
0 |
0 |
|a History
|x Study and teaching (Elementary)
|z Greece.
|
| 852 |
|
|
|a INST
|b RHODES
|e 19960718
|h 372.8909495 ΣΤΑ
|p 005400002444
|q 005400002444
|t BK
|y 620
|
| 909 |
|
|
|a Ρ
|b 009797
|